Comparación de los flujos de fondos de los diferentes sistemas de amortización (Registro nro. 10138)

Detalles MARC
000 -LEADER
fixed length control field 00375 a2200109 4500
001 - CONTROL NUMBER
control field ART_41258
005 - DATE AND TIME OF LATEST TRANSACTION
control field 20260410161605.0
008 - FIXED-LENGTH DATA ELEMENTS--GENERAL INFORMATION
fixed length control field 260409a
100 1# - MAIN ENTRY--PERSONAL NAME
Personal name Alonso, Juan Carlos
245 10 - TITLE STATEMENT
Title Comparación de los flujos de fondos de los diferentes sistemas de amortización
773 0# - HOST ITEM ENTRY
Title Profesional & Empresaria
Related parts - Año XVIII, Nº 210 (mar. 2017)
Record control number REV70

No hay ítems disponibles.